Statistics for Nationalities of the 2019-20 Premier League Managers

Click here to take the quiz!

General Stats

  • This quiz has been taken 627 times
    (140 since last reset)
  • The average score is 7 of 9

Answer Stats

# managers Answer % Correct
3Spain
100%
8England
100%
2Germany
98%
2Portugal
93%
1Argentina
84%
1Norway
80%
1Chile
58%
1Northern Ireland
56%
1Austria
52%

Score Distribution

Percentile by Number Answered

Percent of People with Each Score

Your Score History

You have not taken this quiz since the last reset